header

Understanding the firm (Record no. 7461)

MARC details
000 -LEADER
fixed length control field 01269nam a22003254a 4500
001 - CONTROL NUMBER
control field ebr10271601
003 - CONTROL NUMBER IDENTIFIER
control field CaPaEBR
006 - FIXED-LENGTH DATA ELEMENTS--ADDITIONAL MATERIAL CHARACTERISTICS--GENERAL INFORMATION
fixed length control field m u
007 - PHYSICAL DESCRIPTION FIXED FIELD--GENERAL INFORMATION
fixed length control field cr cn|||||||||
008 - FIXED-LENGTH DATA ELEMENTS--GENERAL INFORMATION
fixed length control field 060619s2006 nyu s 001 0 eng
010 ## - LIBRARY OF CONGRESS CONTROL NUMBER
Canceled/invalid LC control number 2006019918
020 ## - INTERNATIONAL STANDARD BOOK NUMBER
Cancelled/invalid ISBN 9780199260799 (alk. paper)
Cancelled/invalid ISBN 0199260796 (alk. paper)
040 ## - CATALOGING SOURCE
Original cataloging agency CaPaEBR
Transcribing agency CaPaEBR
035 ## - SYSTEM CONTROL NUMBER
System control number (OCoLC)646790615
050 14 - LIBRARY OF CONGRESS CALL NUMBER
Classification number HD2326
Item number .U535 2006eb
082 04 - DEWEY DECIMAL CLASSIFICATION NUMBER
Classification number 338.5
Edition number 22
245 00 - TITLE STATEMENT
Title Understanding the firm
Medium [electronic resource] :
Remainder of title spatial and organizational dimensions /
Statement of responsibility, etc edited by Michael Taylor and Pivi Oinas.
260 ## - PUBLICATION, DISTRIBUTION, ETC. (IMPRINT)
Place of publication, distribution, etc New York :
Name of publisher, distributor, etc Oxford University Press,
Date of publication, distribution, etc 2006.
300 ## - PHYSICAL DESCRIPTION
Extent viii, 279 p.
500 ## - GENERAL NOTE
General note Includes index.
533 ## - REPRODUCTION NOTE
Type of reproduction Electronic reproduction.
Place of reproduction Palo Alto, Calif. :
Agency responsible for reproduction ebrary,
Date of reproduction 2013.
Note about reproduction Available via World Wide Web.
-- Access may be limited to ebrary affiliated libraries.
650 #0 - SUBJECT ADDED ENTRY--TOPICAL TERM
Topical term or geographic name as entry element Industrial organization (Economic theory)
Topical term or geographic name as entry element Institutional economics.
655 #7 - INDEX TERM--GENRE/FORM
Genre/form data or focus term Electronic books.
Source of term local
700 1# - ADDED ENTRY--PERSONAL NAME
Personal name Taylor, Michael,
Dates associated with a name 1946 Feb. 28-
Personal name Oinas, P�aivi.
710 2# - ADDED ENTRY--CORPORATE NAME
Corporate name or jurisdiction name as entry element ebrary, Inc.
856 40 - ELECTRONIC LOCATION AND ACCESS
Uniform Resource Identifier <a href="http://site.ebrary.com/lib/rucke/Doc?id=10271601">http://site.ebrary.com/lib/rucke/Doc?id=10271601</a>
Public note An electronic book accessible through the World Wide Web; click to view

No items available.

© 2026 Rongo University
Contact us: librarian | system librarian | Rongo university